National adaptation to european integration <the> importance of institutional veto points

Salvato in:
Dettagli Bibliografici
Autore principale: Haverland, Markus
Natura: Libro
Lingua:inglese
Pubblicazione: San Domenico (FI) European University Institute 1999
Serie:EUI Working paper RSC No. 99/17
Soggetti:
Tags: Aggiungi Tag
Nessun Tag, puoi essere il primo ad aggiungerne!!

MARC

LEADER 00000nam a2200000 4500
001 c132326
005 20221108123926.1
041 0 |a eng 
044 |a IT 
245 1 0 |a National adaptation to european integration  |b <the> importance of institutional veto points  |c Markus Haverland 
264 1 |a San Domenico (FI)  |b European University Institute  |c 1999 
300 |a 22 s. 
490 1 |a EUI Working paper RSC  |v No. 99/17 
830 0 |a EUI Working paper RSC  |v No. 99/17 
610 2 0 |a integrácia ekonomická medzinárodná 
610 2 0 |a adaptácia 
610 2 0 |a inštitucionalizmus 
610 2 0 |a Európska únia 
100 1 |a Haverland, Markus